Estadísticas para Shakira & Alejandro Sanz - La Tortura Letra (Lyrics)

Haz click aquí para intentar la prueba.

Estadísticas generales

  • Esta prueba ha sido intentada 132 veces
    (90 desde el último reinicio)
  • La puntuación promedio es 32 de 48

Estadísticas de respuestas

Respuesta% Correcto
E:Ay {amor} me duele tanto
97%
es una {tortura} perderte
95%
fue una {tortura} perderte
95%
Alejandro:Yo sé que no he sido un {santo}
92%
Shakira:No pido que todos los {días} sean de {sol}
91%
Y hoy se que es tuyo mi {corazón}
91%
Que te fueras sin {decir} a donde
89%
No pido que todos los {viernes} sean de {fiesta}
87%
Si lloras con los {ojos} secos
87%
Alejandro:Solo de {errores} se aprende
86%
Pero lo puedo {arreglar} amor
85%
Y nos decimos {adiós}
84%
Y no de {excusas} vivo yo
78%
De {lunes} a viernes tienes mi amor
75%
Me {duele} tanto que sea asíMe {duele} tanto que sea así
75%
a un simple {mortal}
73%
Guárdate la {poesía}
72%
Ay, todo lo que he {hecho} por tiAy, todo lo que he {hecho} por ti
70%
Guárdate la {alegría} pa' ti
70%
Shakira:No solo de {pan} vive el hombre
68%
de {perlas}
67%
A otro {perro} con ese hueso
66%
{Tampoco} te pido que vuelvas rogando perdón
66%
Yo, yo no voy a {llorar} por tiYo, yo no voy a {llorar} por ti
65%
No puedo pedirle lo {eterno}
63%
Oye mi {negra} no me castigues más
63%
perdone a un {rosal}
63%
a los cerdos {miles}
62%
Déjame el {sábado} a mi que es mejor
62%
No puedo pedir a los {olmos}
62%
que entreguen {peras}
62%
Y {hablando} de ella
62%
No puedo pedir que el {invierno}
59%
Yo solo soy un {hombre}
59%
en mis {promesas}
58%
Oye negrita {mira}, no te rajes
58%
Que no {creas} más
58%
Y es que no estoy hecho de {cartón}Y es que no estoy hecho de {cartón}
58%
que vuelve a su {nido}
56%
{arrepentido}
52%
Shakira:{Mejor} te guardas todo eso
52%
Y {andar} arrojando
52%
Alejandro:No te {bajes}, no te rajes
49%
Soy como el {ave}
49%
Sigue llorando {perdón}Sigue llorando {perdón}
46%
Porque allá afuera sin ti no tengo {paz}
34%
Alejandro:Ay {padrita} mía
11%
Me duele tanto
1%

Distribución de puntuación

Porcentaje por número respondido

Porcentaje de gente con cada puntuación

Historial de tus puntuaciones

No has intentado esta prueba desde el último reinicio